| 000 | 00612nam a22002057a 4500 | ||
|---|---|---|---|
| 005 | 20250926155642.0 | ||
| 010 | _aENG-146877 | ||
| 020 |
_a9789369587377 _c599.00 |
||
| 035 | _aEN-130409 | ||
| 037 | _bDBAD | ||
| 082 |
_21 _a000 |
||
| 100 |
_aWren & Martin _985244 |
||
| 245 |
_aWren & Martin English/ _cWren & Martin |
||
| 250 | _a1 | ||
| 260 |
_aUttar Pradesh _bS. Chand Publishing _c2025 |
||
| 270 |
_aD-92, Sector-2, Noida _bUttar Pradesh _e201301 _k61-120-4682700 |
||
| 300 |
_a556p. _c27cm(pb) |
||
| 500 | _aFor Competitive Examinations 2025 - 2026 | ||
| 942 |
_2ddc _cEN _mWRE _h000 |
||
| 999 |
_c213485 _d213485 |
||